Normale Ansicht MARC-Ansicht

Eintrag Körperschaftsname

Verwendet in 2 Titel(n)

001 - Kontrollnummer

  • Kontrollfeld: 12

003 - Kontrollnummer Identifier

  • Kontrollfeld: OSt

005 - Datum und Zeit der letzten Transaktion

  • Kontrollfeld: 20201209125828.0

008 - Datenelemente mit fester Länge

  • Kontrollfeld mit fester Länge: 201209|| aca||aabn | a|a d

040 ## - Katalogisierungsquelle

  • Original-Katalogisierungsstelle: OSt

110 ## - Ansetzung - Körperschaftsname

  • Körperschafts- oder Gebietskörperschaftsname als Eintragungselement: Investitionsbank des Landes Brandenburg